| 000 | 00336nam a22001217a 4500 | ||
|---|---|---|---|
| 020 | _a81852268858 | ||
| 082 |
_222 _a621.3 |
||
| 100 | _aAktiengesellschaft, Siemens. | ||
| 245 | _aElectrical engineering handbook / | ||
| 260 |
_aNew Delhi, _bNew Age International, _cc2006. |
||
| 300 |
_axii, 749 p. ; _bill. ; _c22 cm. |
||
| 942 |
_2ddc _cEE _07 |
||
| 999 |
_c1290 _d1290 |
||